| 000 | nam a22 7a 4500 | ||
|---|---|---|---|
| 999 |
_c12606 _d12606 |
||
| 003 | OSt | ||
| 005 | 20240611160628.0 | ||
| 008 | 240611b xxu||||| |||| 00| 0 eng d | ||
| 020 | _a9786249334625 | ||
| 040 | _cNARA | ||
| 082 | _aSLB | ||
| 100 |
_99932 _aAbeywickrama, B.A. |
||
| 245 | _aThe Coastal Plants of Sri Lanka Part III - Sandy Seashore Vegetation Section C - Plants of Sandy Places | ||
| 260 | _bAuthor Publication | ||
| 300 |
_a78p. _b30cm |
||
| 650 | 0 |
_921689 _aCoastal Plants |
|
| 650 | 0 |
_921693 _aSandy Places |
|
| 650 | 0 |
_921690 _aSandy Seashore Vegetation |
|
| 700 |
_99952 _aArulgnanam, P. |
||
| 700 |
_921687 _aSenaratna, L. K. |
||
| 942 |
_2ddc _cSL-B |
||